| 000 | 00510nam a2200133Ia 4500 | ||
|---|---|---|---|
| 008 | 160809s9999 xx 000 0 und d | ||
| 100 | _aPetty, Gayle M. | ||
| 245 | _aPracticing Inter-Professional Teamwork among Nursing and Medical Students | ||
| 245 | _cGayle M Petty, Mary Dolansky and Ellen Luebbers. | ||
| 260 | _bJournal of Nursing and Care | ||
| 260 | _cFebruary 2016 | ||
| 650 | _xNURSING | ||
| 856 | _uhttp://www.omicsgroup.org/journals/ArchiveJNC/jnc-archive.php?journal=jnc&month=February&year=2029 | ||
| 999 |
_c300162 _d300162 |
||